Statistics for Ramona Quimby Franchise

Click here to take the quiz!

General Stats

  • This quiz has been taken 8 times
  • The average score is 5 of 11

Answer Stats

TypeYearNameInfo% Correct
TV Show1988-1989RamonaCBC / PBS
100%
Film2010Ramona and Beezus20th Century Fox
83%
Children's Novel1955Beezus and RamonaBeverly Cleary
67%
Children's Novel1981Ramona Quimby, Age 8Beverly Cleary
67%
Children's Novel1977Ramona and Her FatherBeverly Cleary
33%
Children's Novel1979Ramona and Her MotherBeverly Cleary
33%
Children's Novel1984Ramona ForeverBeverly Cleary
33%
Children's Novel1975Ramona the BraveBeverly Cleary
33%
Children's Novel1968Ramona the PestBeverly Cleary
33%
Children's Novel1999Ramona's WorldBeverly Cleary
0%
Activity Book1970The Ramona Quimby DiaryBeverly Cleary
0%

Score Distribution

Percentile by Number Answered

Percent of People with Each Score

Your Score History

You have not taken this quiz